LIBRARY & INFORMATION CENTRE, KCAET, TAVANUR

ONLINE PUBLIC ACCESS CATALOGUE (OPAC)

Dreamweaver CS3 bible / (Record no. 13364)

MARC details
000 -LEADER
fixed length control field 00403cam a2200157ua 4500
041 ## - LANGUAGE CODE
Language code of text/sound track or separate title eng
082 ## - DEWEY DECIMAL CLASSIFICATION NUMBER
Classification number 005.1
Item number LOW/DR
100 ## - MAIN ENTRY--AUTHOR NAME
Personal name Lowery, Joseph .
245 ## - TITLE STATEMENT
Title Dreamweaver CS3 bible /
260 ## - PUBLICATION, DISTRIBUTION, ETC. (IMPRINT)
Place of publication New York :
Name of publisher Wiley Interscience publications ,
Year of publication 2007.
300 ## - PHYSICAL DESCRIPTION
Number of Pages 1112 ; .
942 ## - ADDED ENTRY ELEMENTS (KOHA)
Koha item type Books
Holdings
Withdrawn status Lost status Damaged status Home library Current library Date acquired Full call number Accession Number Koha item type
      KAUAET KAUAET 07/04/2012 005.1 LOW/DR 21629 Books
      KAUAET KAUAET 07/04/2012 005.1 LOW/DR 21665 Books
free website counter